[Event "FIDE World Cup 2021"]
[Site "Krasnaya Polyana (Sochi) RUS"]
[Date "2021.07.24"]
[EventDate "2021.07.12"]
[Round "4.4"]
[Result "1-0"]
[White "Sergey Karjakin"]
[Black "Vladislav Artemiev"]
[WhiteElo "2757"]
[BlackElo "2704"]
[PlyCount "96"]

1. e4 c6 2. d4 d5 3. e5 Bf5 4. Nf3 e6 5. Be2 Nd7 6. O-O a6 7. Nbd2 h6 8. Nb3 c5
9. dxc5 Bxc5 10. Nxc5 Nxc5 11. Be3 Nd7 12. Nd4 Ne7 13. f4 O-O 14. c3 Rc8 15. Qe1
Be4 16. Rd1 Nc6 17. g4 Qe7 18. Qg3 f6 19. exf6 Rxf6 20. Nxc6 bxc6 21. g5 hxg5
22. fxg5 Rxf1+ 23. Rxf1 e5 24. h4 a5 25. h5 Rf8 26. Rxf8+ Nxf8 27. g6 Qf6 28.
Bg5 Qe6 29. a4 c5 30. Bd8 Qd7 31. Qg5 Qh3 32. Kf2 Qh2+ 33. Ke1 Qh1+ 34. Bf1 Bd3
35. Qg2 Qxg2 36. Bxg2 e4 37. Bxa5 Ne6 38. Bb6 Nf4 39. Bf1 e3 40. Bxd3 Nxd3+ 41.
Ke2 Nxb2 42. a5 Nc4 43. Bc7 Na3 44. a6 Nb5 45. Bb6 Nxc3+ 46. Kxe3 d4+ 47. Kd3
Na4 48. Ba5 1-0

[Event "FIDE World Cup 2021"]
[Site "Krasnaya Polyana (Sochi) RUS"]
[Date "2021.07.24"]
[EventDate "2021.07.12"]
[Round "4.4"]
[Result "1-0"]
[White "Velimir Ivic"]
[Black "Dmitry Andreikin"]
[WhiteElo "2582"]
[BlackElo "2724"]
[PlyCount "66"]

1. e4 c5 2. Nf3 e6 3. d4 cxd4 4. Nxd4 Nc6 5. Nc3 a6 6. Nxc6 bxc6 7. Qd3 d5 8.
Qg3 h5 9. h4 d4 10. Nb1 Nf6 11. e5 Ng4 12. Bf4 c5 13. Nd2 Bb7 14. O-O-O Bd5 15.
Bc4 Rb8 16. b3 Nh6 17. Bxd5 Qxd5 18. Nc4 Nf5 19. Qd3 Be7 20. g3 O-O 21. f3 Rfd8
22. g4 Nxh4 23. Bg3 Nxf3 24. gxh5 Bg5+ 25. Kb2 Bh6 26. Rdf1 Ng5 27. Bf4 Qe4 28.
Rhg1 Qxd3 29. cxd3 Nh3 30. Bxh6 Nxg1 31. Rxg1 Kh7 32. Bxg7 Rg8 33. h6 1-0

[Event "FIDE World Cup 2021"]
[Site "Krasnaya Polyana (Sochi) RUS"]
[Date "2021.07.24"]
[EventDate "2021.07.12"]
[Round "4.5"]
[Result "0-1"]
[White "Nodirbek Abdusattorov"]
[Black "Vasif Durarbayli"]
[WhiteElo "2634"]
[BlackElo "2625"]
[PlyCount "80"]

1. e4 e5 2. Nf3 Nc6 3. d3 Nf6 4. Be2 Bc5 5. O-O d6 6. c3 O-O 7. Nbd2 a5 8. b3
Re8 9. a3 d5 10. Bb2 d4 11. Qc2 Bg4 12. h3 Bxf3 13. Nxf3 dxc3 14. Bxc3 Qd6 15.
Bb2 Nh5 16. Nxe5 Rxe5 17. Bxe5 Qxe5 18. Bxh5 Qxh5 19. b4 Bd4 20. Rab1 axb4 21.
axb4 Bb6 22. Kh1 Nd4 23. Qd2 Rd8 24. f4 h6 25. Rbe1 Qb5 26. e5 Nf5 27. Rf3 Qd5
28. Kh2 h5 29. e6 fxe6 30. Re5 Qd6 31. Qa2 Nd4 32. Rfe3 Rf8 33. g3 Rf6 34. Qa8+
Rf8 35. Qa2 Rf6 36. Qa8+ Qf8 37. Qxb7 h4 38. Rg5 Nf5 39. Re4 hxg3+ 40. Kg2 Nd6 0-1

[Event "FIDE World Cup 2021"]
[Site "Krasnaya Polyana (Sochi) RUS"]
[Date "2021.07.24"]
[EventDate "2021.07.12"]
[Round "4.5"]
[Result "0-1"]
[White "Vladislav Artemiev"]
[Black "Sergey Karjakin"]
[WhiteElo "2704"]
[BlackElo "2757"]
[PlyCount "98"]

1. d4 Nf6 2. Bf4 d5 3. e3 c5 4. Nc3 e6 5. Nb5 Na6 6. c3 Be7 7. h3 O-O 8. Nf3 Bd7
9. a4 c4 10. Be2 Bxb5 11. axb5 Nc7 12. Qa4 Bd6 13. Bg5 a6 14. bxa6 Rxa6 15. Qd1
Rxa1 16. Qxa1 Qa8 17. O-O Ne4 18. Bf4 Bxf4 19. exf4 Qxa1 20. Rxa1 Ra8 21. Rxa8+
Nxa8 22. Kf1 b5 23. Bd1 Nb6 24. Ne1 f6 25. Bc2 Kf7 26. Ke2 Nd6 27. Nf3 h6 28. h4
Ke7 29. Nd2 Kd7 30. Nb1 Kc6 31. Na3 Nbc8 32. Bb1 Nb6 33. Bc2 Kb7 34. Kd2 Ka6 35.
Bh7 Ka5 36. Nc2 Ka4 37. Nb4 Kb3 38. Kc1 f5 39. Na6 Na4 40. Nc5+ Nxc5 41. dxc5
Ne8 42. Bg6 Nc7 43. Bh5 Ka4 44. Kd2 b4 45. Ke3 Kb3 46. cxb4 Kxb2 47. Kd4 Nb5+
48. Ke5 c3 49. Bd1 d4 0-1

[Event "FIDE World Cup 2021"]
[Site "Krasnaya Polyana (Sochi) RUS"]
[Date "2021.07.24"]
[EventDate "2021.07.12"]
[Round "4.6"]
[Result "1-0"]
[White "Vasif Durarbayli"]
[Black "Nodirbek Abdusattorov"]
[WhiteElo "2625"]
[BlackElo "2634"]
[PlyCount "88"]

1. e4 c5 2. Nf3 e6 3. d4 cxd4 4. Nxd4 Nf6 5. Nc3 Nc6 6. g3 Bc5 7. Nxc6 bxc6 8.
e5 Nd5 9. Ne4 Qa5+ 10. Bd2 Qb6 11. c4 Ne7 12. Bc3 O-O 13. Qd2 Nf5 14. Bg2 a5 15.
O-O Bb4 16. Rfd1 Rb8 17. Bxb4 axb4 18. c5 Qc7 19. f4 Qa7 20. Qf2 Ba6 21. b3 Ne7
22. Rd4 Nd5 23. Rc1 Bb5 24. Nd6 Nc3 25. Rd2 f6 26. exf6 Rxf6 27. a4 Ba6 28. Re1
Rbf8 29. Qd4 Nd5 30. Ne4 Rh6 31. Nd6 Qc7 32. Re5 Qd8 33. Bxd5 cxd5 34. Qxb4 Qf6
35. Qd4 Qg6 36. Rg5 Qf6 37. b4 Qe7 38. b5 Bc8 39. a5 Rhf6 40. h4 h6 41. Re5 Rg6
42. Rg2 Qd8 43. h5 Rgf6 44. Qd2 1-0

[Event "FIDE World Cup 2021"]
[Site "Krasnaya Polyana (Sochi) RUS"]
[Date "2021.07.24"]
[EventDate "2021.07.12"]
[Round "4.6"]
[Result "1/2-1/2"]
[White "Sergey Karjakin"]
[Black "Vladislav Artemiev"]
[WhiteElo "2757"]
[BlackElo "2704"]
[PlyCount "76"]

1. e4 c5 2. Nf3 e6 3. d4 cxd4 4. Nxd4 Nc6 5. Nc3 Qc7 6. a3 a6 7. Nxc6 dxc6 8.
Qg4 e5 9. Qg3 Be6 10. Be2 h5 11. f3 h4 12. Qf2 Nf6 13. Be3 Be7 14. O-O b5 15.
Bc5 Nh5 16. Rfd1 Rh6 17. Bf1 Rg6 18. Rd2 Nf4 19. Kh1 Bc4 20. Bxe7 Qxe7 21. Bxc4
Rxg2 22. Qb6 Rxd2 23. Qxc6+ Kf8 24. Qxa8+ Rd8 25. Qxa6 bxc4 26. Qxc4 Qa7 27. Nd5
Qf2 28. Qf1 Qxc2 29. Nxf4 exf4 30. Qc1 Qe2 31. Qxf4 h3 32. Rg1 g5 33. Qg3 Rd3
34. Qxh3 Rxf3 35. Qh8+ Ke7 36. Qe5+ Kd7 37. Qd5+ Ke8 38. Qe5+ Kd7 1/2-1/2

[Event "FIDE World Cup 2021"]
[Site "Krasnaya Polyana (Sochi) RUS"]
[Date "2021.07.25"]
[EventDate "2021.07.12"]
[Round "5.1"]
[Result "1/2-1/2"]
[White "Magnus Carlsen"]
[Black "Andrey Esipenko"]
[WhiteElo "2847"]
[BlackElo "2716"]
[PlyCount "48"]

1. d4 Nf6 2. c4 e6 3. Nf3 d5 4. g3 Bb4+ 5. Bd2 Be7 6. Bg2 O-O 7. O-O Nbd7
8. Bc3 c5 9. Nbd2 b6 10. Ne5 Bb7 11. Nxd7 Qxd7 12. dxc5 bxc5 13. cxd5 exd5
14. e3 Rfd8 15. Re1 a5 16. Bxf6 Bxf6 17. Rc1 Qb5 18. Qb3 Qb4 19. Qxb4 axb4
20. Rxc5 Bxb2 21. Rb5 Bc6 22. Rc5 Bb7 23. Rb5 Bc6 24. Rc5 Bb7 1/2-1/2

[Event "FIDE World Cup 2021"]
[Site "Krasnaya Polyana (Sochi) RUS"]
[Date "2021.07.25"]
[EventDate "2021.07.12"]
[Round "5.1"]
[Result "1/2-1/2"]
[White "Peter Svidler"]
[Black "Sam Shankland"]
[WhiteElo "2714"]
[BlackElo "2709"]
[PlyCount "98"]

1. e4 c5 2. Nf3 d6 3. Bb5+ Nd7 4. O-O a6 5. Bd3 Ngf6 6. Re1 e6 7. c3 Be7 8.
Bc2 b5 9. d4 Bb7 10. Nbd2 Qc7 11. Nf1 O-O 12. Bg5 h6 13. Bd2 Rfc8 14. Rc1
Qb6 15. Ng3 cxd4 16. cxd4 b4 17. Qe2 a5 18. Bd3 Rxc1 19. Rxc1 Ba6 20. Bxa6
Qxa6 21. Qxa6 Rxa6 22. Rc8+ Kh7 23. Kf1 Ra7 24. Ke2 Nb6 25. Rc6 Rb7 26. Kd3
Kg8 27. b3 Nfd7 28. Nf1 Kf8 29. Ne3 Nb8 30. Rc2 Ke8 31. g4 Kd7 32. h4 Na6
33. h5 Nc7 34. Rc1 Rb8 35. Ne1 d5 36. f4 dxe4+ 37. Kxe4 Ncd5 38. Nd3 Bd6
39. f5 Nxe3 40. Bxe3 Nd5 41. Ne5+ Bxe5 42. dxe5 Nxe3 43. Kxe3 Rb5 44. Ke4
f6 45. exf6 gxf6 46. fxe6+ Kxe6 47. Rc6+ Kf7 48. Rc7+ Kg8 49. Rc8+ 1/2-1/2

[Event "FIDE World Cup 2021"]
[Site "Krasnaya Polyana (Sochi) RUS"]
[Date "2021.07.25"]
[EventDate "2021.07.12"]
[Round "5.1"]
[Result "1/2-1/2"]
[White "Vladimir Fedoseev"]
[Black "Velimir Ivic"]
[WhiteElo "2696"]
[BlackElo "2582"]
[PlyCount "120"]

1. d4 Nf6 2. c4 g6 3. Nc3 d5 4. Bd2 Bg7 5. cxd5 Nxd5 6. e4 Nxc3 7. Bxc3 O-O
8. Qd2 c5 9. d5 e6 10. Bc4 exd5 11. Bxd5 Nc6 12. Nf3 Bg4 13. Bxg7 Kxg7 14.
Bxc6 Bxf3 15. gxf3 bxc6 16. Qxd8 Rfxd8 17. Rc1 Rab8 18. Rc2 Rd4 19. Ke2 Ra4
20. b3 Ra3 21. Rd1 a5 22. Rdd2 a4 23. bxa4 Rxa4 24. Rxc5 Rba8 25. Rcc2 c5
26. h4 c4 27. Kf1 c3 28. Re2 Kf6 29. f4 Ra3 30. Re3 R8a4 31. Kg2 Rb4 32.
Kg3 Rb2 33. Rcxc3 Rxc3 34. Rxc3 Rxa2 35. h5 Ra1 36. Kg2 Kg7 37. Rc7 Re1 38.
f3 Re2+ 39. Kg3 Re1 40. e5 Rh1 41. e6 Kf6 42. Kg2 Re1 43. exf7 Kg7 44. h6+
Kf8 45. Rc8+ Kxf7 46. Rh8 Re2+ 47. Kg3 Re1 48. Rxh7+ Kf6 49. Kf2 Rh1 50.
Ke3 Rh4 51. Rh8 Rh1 52. Ke2 Rh2+ 53. Kd3 Rh1 54. Rh7 Rh4 55. Rh8 Rh1 56.
Rh7 Rh4 57. Ke4 Rh5 58. Kd4 Rh4 59. Kd5 Rxf4 60. Ra7 1/2-1/2

[Event "FIDE World Cup 2021"]
[Site "Krasnaya Polyana (Sochi) RUS"]
[Date "2021.07.25"]
[EventDate "2021.07.12"]
[Round "5.1"]
[Result "1/2-1/2"]
[White "Santosh Gujrathi Vidit"]
[Black "Vasif Durarbayli"]
[WhiteElo "2726"]
[BlackElo "2625"]
[PlyCount "112"]

1. d4 d5 2. c4 c6 3. Nf3 Nf6 4. cxd5 cxd5 5. Nc3 Nc6 6. Bf4 a6 7. Ne5 Qb6
8. Nxc6 bxc6 9. Qd2 Nh5 10. Be3 Nf6 11. a3 Ng4 12. Bg5 e5 13. h3 f6 14.
hxg4 fxg5 15. dxe5 Rb8 16. b4 a5 17. b5 d4 18. Ne4 cxb5 19. Qxg5 h6 20. Qf4
Be6 21. g3 b4 22. Bg2 b3 23. Nd6+ Bxd6 24. exd6 b2 25. Rb1 Qc5 26. O-O Rf8
27. Qe4 Kf7 28. Rbd1 Ba2 29. d7 Kg8 30. Qg6 Rb6 31. Qe8 Re6 32. Qh5 Qxh5
33. gxh5 Rd8 34. Rxd4 b1=Q 35. Rxb1 Bxb1 36. Bd5 Kf7 37. Ra4 Rxd7 38. Bxe6+
Kxe6 39. Rxa5 Rd2 40. Kf1 Ba2 41. Rc5 Rd1+ 42. Kg2 Re1 43. Kf3 Kd6 44. Rc2
Bb3 45. Rb2 Bc4 46. Ke3 Ke5 47. Rc2 Ba6 48. f3 Ra1 49. Rc5+ Kd6 50. Ra5 Bc4
51. Ra7 Ke5 52. Rxg7 Ra2 53. Re7+ Kf6 54. Re4 Rxe2+ 55. Kf4 Rc2 56. Re3 Bd5
1/2-1/2

[Event "FIDE World Cup 2021"]
[Site "Krasnaya Polyana (Sochi) RUS"]
[Date "2021.07.25"]
[EventDate "2021.07.12"]
[Round "5.1"]
[Result "0-1"]
[White "M Amin Tabatabaei"]
[Black "Haik M Martirosyan"]
[WhiteElo "2613"]
[BlackElo "2632"]
[PlyCount "122"]

1. d4 Nf6 2. c4 e6 3. Nc3 Bb4 4. e3 O-O 5. Bd2 c5 6. a3 Bxc3 7. Bxc3 Ne4 8.
Ne2 b6 9. d5 Ba6 10. b3 b5 11. Qd3 Nxc3 12. Nxc3 bxc4 13. bxc4 exd5 14.
Qxd5 Qa5 15. Qd2 Nc6 16. Be2 Rab8 17. O-O Ne5 18. Rfc1 Rb3 19. f4 Nc6 20.
Kf2 Rd8 21. Ra2 Rxa3 22. Rxa3 Qxa3 23. Nd5 d6 24. Rc3 Qa1 25. Rc1 Qa3 26.
Rc3 Qa1 27. Qc1 Qxc1 28. Rxc1 Bc8 29. Ra1 Kf8 30. Bf3 a6 31. Rb1 Be6 32.
Rb7 Na5 33. Ra7 Nxc4 34. Nc7 Nd2 35. Bd5 Bxd5 36. Nxd5 Rb8 37. Rxa6 Ne4+
38. Ke2 f5 39. Kd3 Rb7 40. Kc4 Kf7 41. Ra8 h5 42. h4 g6 43. Rh8 Nd2+ 44.
Kd3 Ke6 45. Nc3 Nb1 46. Nd1 Na3 47. Rg8 Rb3+ 48. Ke2 Kf7 49. Rd8 Nc4 50.
Rd7+ Ke6 51. Rg7 Kf6 52. Rd7 Ra3 53. g3 Ra2+ 54. Ke1 Rg2 55. Rh7 Ke6 56.
Rg7 Kf6 57. Rh7 Rxg3 58. Kf2 Rh3 59. Nc3 Nxe3 60. Nb5 Nd5 61. Nxd6 Rxh4 0-1

[Event "FIDE World Cup 2021"]
[Site "Krasnaya Polyana (Sochi) RUS"]
[Date "2021.07.25"]
[EventDate "2021.07.12"]
[Round "5.1"]
[Result "1/2-1/2"]
[White "Vachier-Lagrave, Maxime"]
[Black "Sergey Karjakin"]
[WhiteElo "2749"]
[BlackElo "2757"]
[PlyCount "70"]

1. e4 e5 2. Nf3 Nc6 3. Bb5 Nf6 4. O-O Nxe4 5. d4 Nd6 6. Bxc6 dxc6 7. dxe5
Nf5 8. Qxd8+ Kxd8 9. h3 Ke8 10. Nc3 h5 11. Bf4 Be7 12. Rad1 Be6 13. Ng5 Rh6
14. Rfe1 Rd8 15. Rxd8+ Kxd8 16. g4 hxg4 17. hxg4 Nd4 18. Rd1 c5 19. Nxe6+
Rxe6 20. Ne2 Kc8 21. Nxd4 cxd4 22. Rxd4 g5 23. Bg3 Ra6 24. a4 Rc6 25. c3
Rb6 26. b4 Rc6 27. Rd3 Rc4 28. Rf3 Kd7 29. Rxf7 Ke6 30. Rh7 Rxc3 31. b5 Rc4
32. Rh6+ Kd5 33. Rh7 Ke6 34. Rh6+ Kd5 35. Rh7 Ke6 1/2-1/2

[Event "FIDE World Cup 2021"]
[Site "Krasnaya Polyana (Sochi) RUS"]
[Date "2021.07.25"]
[EventDate "2021.07.12"]
[Round "5.1"]
[Result "1/2-1/2"]
[White "Etienne Bacrot"]
[Black "Kacper Piorun"]
[WhiteElo "2678"]
[BlackElo "2608"]
[PlyCount "92"]

1. e4 e5 2. Nf3 Nc6 3. Bb5 a6 4. Ba4 Bc5 5. c3 Nf6 6. O-O O-O 7. d4 Ba7 8.
dxe5 Nxe4 9. Qd5 Nc5 10. Bc2 Ne7 11. Qd1 d5 12. exd6 Qxd6 13. Qxd6 cxd6 14.
Rd1 Bg4 15. Rxd6 Bf5 16. Na3 Ne4 17. Bxe4 Bxe4 18. Rd1 Nf5 19. Bf4 Rfe8 20.
Nc4 Bxf3 21. gxf3 Re2 22. Rd2 Bxf2+ 23. Kf1 Rxd2 24. Nxd2 Ba7 25. Ne4 Rd8
26. Ke2 f6 27. Rd1 Rxd1 28. Kxd1 Kf7 29. a4 Ke6 30. Ke2 h5 31. h3 Ne7 32.
Bd2 Ke5 33. Ng3 g6 34. f4+ Ke6 35. Ne4 Nf5 36. b4 Bg1 37. Kd3 b6 38. c4 Ne7
39. Bc3 Kf5 40. Ng3+ Ke6 41. Ke4 Bf2 42. Ne2 Nf5 43. Kf3 Be3 44. Ke4 Bf2
45. Kf3 Be3 46. Ke4 1/2-1/2

[Event "FIDE World Cup 2021"]
[Site "Krasnaya Polyana (Sochi) RUS"]
[Date "2021.07.26"]
[EventDate "2021.07.12"]
[Round "5.2"]
[Result "1/2-1/2"]
[White "Andrey Esipenko"]
[Black "Magnus Carlsen"]
[WhiteElo "2716"]
[BlackElo "2847"]
[PlyCount "72"]

1. e4 e5 2. Nf3 Nc6 3. Bc4 Bc5 4. c3 Nf6 5. d3 d6 6. O-O h6 7. Re1 O-O 8.
h3 Bb6 9. Nbd2 Ne7 10. a4 c6 11. d4 Ng6 12. Bf1 Re8 13. dxe5 Nxe5 14. Nxe5
dxe5 15. Qc2 Be6 16. Nc4 Bxc4 17. Bxc4 a5 18. Qe2 Qe7 19. Bd2 Rad8 20. Red1
Rd7 21. Be1 Rxd1 22. Rxd1 Rd8 23. Rb1 g6 24. Kh2 Kg7 25. Bb3 h5 26. Rd1
Rxd1 27. Bxd1 h4 28. Qd3 Qe6 29. b3 Qe7 30. Kg1 Nd7 31. Be2 Nc5 32. Qc2 Qf6
33. Bf3 Qd8 34. Be2 Qf6 35. Bf3 Qd8 36. Be2 1/2-1/2

[Event "FIDE World Cup 2021"]
[Site "Krasnaya Polyana (Sochi) RUS"]
[Date "2021.07.26"]
[EventDate "2021.07.12"]
[Round "5.2"]
[Result "1/2-1/2"]
[White "Velimir Ivic"]
[Black "Vladimir Fedoseev"]
[WhiteElo "2582"]
[BlackElo "2696"]
[PlyCount "106"]

1. e4 e5 2. Nf3 Nc6 3. Bb5 a6 4. Ba4 Nf6 5. O-O Be7 6. Re1 b5 7. Bb3 O-O 8.
h3 d6 9. c3 Bb7 10. d4 Re8 11. Nbd2 Bf8 12. a4 h6 13. Bc2 exd4 14. cxd4 Nb4
15. Bb1 c5 16. d5 Nd7 17. Ra3 c4 18. Ree3 Nc5 19. b3 Rc8 20. axb5 axb5 21.
bxc4 bxc4 22. Bb2 Nbd3 23. Nxc4 Nxb2 24. Nxb2 g6 25. Na4 Nd7 26. Bd3 Bg7
27. Bb5 Re7 28. Rab3 Nf6 29. Bf1 Nxe4 30. Rxe4 Rxe4 31. Rxb7 Rb8 32. Rxb8
Qxb8 33. Bd3 Rb4 34. Bc2 Qb5 35. g3 Bf6 36. Kg2 Kg7 37. h4 Qc4 38. Qd2 Rb8
39. Qd3 Qxd3 40. Bxd3 Rb4 41. Bc2 Rb5 42. Kf1 Rxd5 43. Nb6 Rc5 44. Bd3 Bd8
45. Nc4 d5 46. Ne3 Bb6 47. g4 Ra5 48. h5 Ra1+ 49. Ke2 Ra2+ 50. Kf1 Ra1+ 51.
Ke2 Ra2+ 52. Kf1 Ra1+ 53. Ke2 1/2-1/2

[Event "FIDE World Cup 2021"]
[Site "Krasnaya Polyana (Sochi) RUS"]
[Date "2021.07.26"]
[EventDate "2021.07.12"]
[Round "5.2"]
[Result "0-1"]
[White "Vasif Durarbayli"]
[Black "Santosh Gujrathi Vidit"]
[WhiteElo "2625"]
[BlackElo "2726"]
[PlyCount "76"]

1. e4 e5 2. Nf3 Nc6 3. Bb5 a6 4. Ba4 Nf6 5. O-O b5 6. Bb3 Bc5 7. a4 Rb8 8.
Nxe5 Nxe5 9. d4 Bxd4 10. Qxd4 d6 11. Bf4 c5 12. Qe3 c4 13. Ba2 Nh5 14. Nc3
Nxf4 15. Qxf4 O-O 16. axb5 axb5 17. Rad1 Be6 18. Bb1 b4 19. Ne2 Qb6 20. h3
c3 21. bxc3 Bc4 22. Rfe1 Bxe2 23. Rxe2 bxc3 24. Ree1 Ra8 25. Qg3 Rfc8 26.
Kh2 Ra3 27. Re3 Qb4 28. f4 Nc4 29. Qg4 Rb8 30. Rg3 g6 31. f5 Nd2 32. Qf4
Qd4 33. fxg6 hxg6 34. Rg5 Ra1 35. Rd5 Qxe4 36. Qxd6 Raxb1 37. Rd4 Qe6 38.
Qc7 Qb6 0-1

[Event "FIDE World Cup 2021"]
[Site "Krasnaya Polyana (Sochi) RUS"]
[Date "2021.07.26"]
[EventDate "2021.07.12"]
[Round "5.2"]
[Result "0-1"]
[White "Haik M Martirosyan"]
[Black "M Amin Tabatabaei"]
[WhiteElo "2632"]
[BlackElo "2613"]
[PlyCount "134"]

1. d4 Nf6 2. c4 e6 3. Nf3 Bb4+ 4. Bd2 a5 5. g3 O-O 6. Bg2 d5 7. Qc2 Be7 8.
O-O c6 9. Bf4 Nbd7 10. Rd1 Nh5 11. Bc1 f5 12. b3 Nhf6 13. Ng5 Nb8 14. Ba3
Bxa3 15. Nxa3 Qe7 16. Qb2 b6 17. Rac1 Ba6 18. Nb1 h6 19. Nf3 Nbd7 20. cxd5
cxd5 21. Rc7 Rfc8 22. Rdc1 Qd8 23. Rxc8 Rxc8 24. e3 g5 25. Rxc8 Qxc8 26.
Qc3 Qxc3 27. Nxc3 Ne4 28. Nxe4 fxe4 29. Nd2 g4 30. h3 h5 31. hxg4 hxg4 32.
Bf1 Bxf1 33. Kxf1 b5 34. Nb1 b4 35. a3 Kf7 36. axb4 axb4 37. Ke2 Nb8 38.
Nd2 Kf6 39. Nf1 Nc6 40. Kd2 e5 41. dxe5+ Nxe5 42. Ke2 Nd3 43. Nd2 Ke5 44.
Kf1 Nc5 45. Ke2 Ne6 46. Nf1 Ng5 47. Nd2 Ne6 48. Nf1 Nc5 49. Nd2 Nb7 50. Nf1
Na5 51. Nd2 d4 52. Ke1 Kd5 53. Ke2 Nb7 54. Nc4 Nc5 55. Nd2 Nd3 56. Kf1 Ne5
57. Ke2 Nf3 58. Nxf3 gxf3+ 59. Kd2 d3 60. Ke1 Ke5 61. Kd1 Kf5 62. Kd2 Kg4
63. Kd1 Kh3 64. Ke1 Kg2 65. g4 d2+ 66. Kxd2 Kxf2 67. g5 Kg1 0-1

[Event "FIDE World Cup 2021"]
[Site "Krasnaya Polyana (Sochi) RUS"]
[Date "2021.07.26"]
[EventDate "2021.07.12"]
[Round "5.2"]
[Result "1/2-1/2"]
[White "Kacper Piorun"]
[Black "Etienne Bacrot"]
[WhiteElo "2608"]
[BlackElo "2678"]
[PlyCount "74"]

1. e4 c5 2. Nf3 d6 3. d4 cxd4 4. Nxd4 Nf6 5. Nc3 Nc6 6. f3 e5 7. Nb3 Be6 8.
Nd5 Be7 9. Be3 O-O 10. c4 a5 11. Bd3 a4 12. Nc1 Nd7 13. O-O Bg5 14. Bf2
Bxd5 15. cxd5 Nd4 16. Ne2 Nxe2+ 17. Qxe2 Qc7 18. g3 Nc5 19. Bb5 Bh6 20. Kg2
Rfc8 21. Rab1 Qa5 22. Rfd1 Na6 23. Be1 Qc7 24. Bxa4 Nc5 25. Bb5 Rxa2 26.
Bc4 Raa8 27. Ra1 g6 28. Rxa8 Rxa8 29. Bb5 Nb3 30. Qc4 Qxc4 31. Bxc4 Nd4 32.
Bf2 Ra4 33. Bxd4 Rxc4 34. Bc3 Ra4 35. Kf2 f5 36. exf5 gxf5 37. Ke2 Kf7
1/2-1/2

[Event "FIDE World Cup 2021"]
[Site "Krasnaya Polyana (Sochi) RUS"]
[Date "2021.07.27"]
[EventDate "2021.07.12"]
[Round "5.3"]
[Result "1/2-1/2"]
[White "Magnus Carlsen"]
[Black "Andrey Esipenko"]
[WhiteElo "2847"]
[BlackElo "2716"]
[PlyCount "96"]

1. d4 Nf6 2. c4 e6 3. Nf3 d5 4. g3 Bb4+ 5. Bd2 Be7 6. Bg2 O-O 7. O-O Nbd7 8. b4
dxc4 9. Qc1 Nb6 10. a4 Bd7 11. a5 Nbd5 12. Qxc4 Ne4 13. Ne5 Nxd2 14. Nxd2 Be8
15. b5 c6 16. bxc6 Rc8 17. Qb3 bxc6 18. Nd3 c5 19. dxc5 Bxc5 20. Bxd5 exd5 21.
Rfc1 Rb8 22. Qc3 Be7 23. Qc7 a6 24. Qxd8 Bxd8 25. Rc5 Bb5 26. Rxd5 Bf6 27. Rc1
Rfd8 28. Rdc5 h6 29. Ne4 Bd4 30. R5c2 Bxd3 31. exd3 Rb5 32. Ra2 Rdd5 33. Rc6
Rxa5 34. Rxa6 Rxa2 35. Rxa2 f5 36. Nd2 Bc3 37. Nf1 Rxd3 38. Ra3 g5 39. Kg2 f4
40. gxf4 gxf4 41. h4 Kf7 42. Nh2 Kg6 43. Nf3 Kf5 44. Ra6 Bf6 45. h5 Rd5 46. Kh3
Rd3 47. Kg2 Rd5 48. Kh3 Rd3 1/2-1/2

[Event "FIDE World Cup 2021"]
[Site "Krasnaya Polyana (Sochi) RUS"]
[Date "2021.07.27"]
[EventDate "2021.07.12"]
[Round "5.3"]
[Result "1-0"]
[White "Vladimir3 Fedoseev"]
[Black "Velimir Ivic"]
[WhiteElo "2696"]
[BlackElo "2582"]
[PlyCount "102"]

1. Nf3 Nf6 2. c4 g6 3. g3 Bg7 4. Bg2 c6 5. b3 Ne4 6. d4 d5 7. O-O O-O 8. Bb2 Bf5
9. Nh4 Be6 10. Qc2 Nd7 11. Bxe4 dxe4 12. Qxe4 b5 13. Nd2 c5 14. Rad1 cxd4 15.
Bxd4 Nf6 16. Qd3 bxc4 17. Nxc4 Qd5 18. Ng2 Qb5 19. Bxf6 Bxf6 20. Nf4 Bf5 21. e4
Bg4 22. f3 Bc8 23. Qd5 Qb8 24. Qa5 Bb7 25. Nd5 Bxd5 26. Rxd5 Qc8 27. Kg2 e6 28.
Rd3 Qc6 29. Rd6 Qb7 30. Rfd1 a6 31. Qb6 Qc8 32. Qc6 a5 33. Qb5 Qb8 34. Rb6 Qe8
35. Rd7 Rd8 36. Rbb7 Rxd7 37. Qxd7 Qxd7 38. Rxd7 a4 39. e5 Bg7 40. bxa4 Rc8 41.
Rd4 f6 42. exf6 Bxf6 43. Re4 Bc3 44. Kf2 Ra8 45. Nd6 e5 46. Nb5 Bb2 47. Ke2 Kf7
48. Kd3 Bc1 49. Kc2 Rc8+ 50. Kb3 Bd2 51. Nd6+ 1-0

[Event "FIDE World Cup 2021"]
[Site "Krasnaya Polyana (Sochi) RUS"]
[Date "2021.07.27"]
[EventDate "2021.07.12"]
[Round "5.3"]
[Result "1/2-1/2"]
[White "Haik M Martirosyan"]
[Black "M Amin Tabatabaei"]
[WhiteElo "2632"]
[BlackElo "2613"]
[PlyCount "98"]

1. d4 d5 2. Nf3 Nf6 3. c4 e6 4. Nc3 c5 5. cxd5 cxd4 6. Qxd4 exd5 7. Bg5 Be7 8.
e3 O-O 9. Be2 h6 10. Bh4 Nc6 11. Qd1 Qb6 12. Bxf6 Bxf6 13. Nxd5 Qxb2 14. Rb1
Qxa2 15. Nxf6+ gxf6 16. O-O b6 17. Bb5 Qe6 18. Rc1 Ne5 19. Nd4 Qg4 20. f3 Qh5
21. Be2 Qg6 22. Rf2 f5 23. f4 Ng4 24. Rc6 Qh5 25. Bxg4 fxg4 26. f5 Qg5 27. Rf4
h5 28. Qb3 Kh8 29. Qc3 Kg8 30. Qc4 Kh8 31. Rc7 Qf6 32. Re4 a5 33. Rc6 Qg5 34.
Rxb6 Bd7 35. Qc3 Kg8 36. Rd6 Rfc8 37. Qd2 Be8 38. g3 a4 39. Qa2 Kh8 40. Qa1 Qg7
41. Rd5 Rab8 42. f6 Qg6 43. Nf5 Rc2 44. Ne7 Qxe4 45. Rxh5+ Qh7 46. Ng6+ Kg8 47.
Ne7+ Kh8 48. Ng6+ Kg8 49. Ne7+ Kh8 1/2-1/2

[Event "FIDE World Cup 2021"]
[Site "Krasnaya Polyana (Sochi) RUS"]
[Date "2021.07.27"]
[EventDate "2021.07.12"]
[Round "5.3"]
[Result "1/2-1/2"]
[White "Vachier-Lagrave, Maxime"]
[Black "Sergey Karjakin"]
[WhiteElo "2749"]
[BlackElo "2757"]
[PlyCount "78"]

1. e4 e5 2. Nf3 Nc6 3. Bb5 Nf6 4. O-O Nxe4 5. d4 Nd6 6. Bxc6 dxc6 7. dxe5 Nf5 8.
Qe2 Nd4 9. Nxd4 Qxd4 10. h3 Be6 11. Rd1 Qc4 12. Rd3 Rd8 13. b3 Qh4 14. Rxd8+
Qxd8 15. Be3 Be7 16. Nc3 O-O 17. Rd1 Qc8 18. f4 Rd8 19. Rf1 g6 20. Ne4 Bf5 21.
Bc5 Bxc5+ 22. Nxc5 h5 23. Ne4 Bxe4 24. Qxe4 Qf5 25. Qxf5 gxf5 26. Rf3 Rd1+ 27.
Kh2 h4 28. Rd3 Rxd3 29. cxd3 c5 30. Kg1 a5 31. Kf2 Kg7 32. Ke3 b6 33. Kf3 c6 34.
g3 hxg3 35. Kxg3 Kg6 36. Kf3 Kh5 37. Kg3 Kg6 38. Kf3 Kh5 39. Kg3 1/2-1/2

[Event "FIDE World Cup 2021"]
[Site "Krasnaya Polyana (Sochi) RUS"]
[Date "2021.07.27"]
[EventDate "2021.07.12"]
[Round "5.3"]
[Result "0-1"]
[White "Etienne Bacrot"]
[Black "Kacper Piorun"]
[WhiteElo "2678"]
[BlackElo "2608"]
[PlyCount "84"]

1. Nf3 d5 2. g3 Nd7 3. d4 Nb6 4. a4 a5 5. Bg2 Nf6 6. Nc3 g6 7. Bf4 c6 8. O-O Bg7
9. Ne5 O-O 10. Qc1 Bf5 11. Rd1 Qc8 12. Re1 Rd8 13. Nd3 Nfd7 14. e3 Re8 15. h3 h5
16. Qd1 Nf8 17. Kh2 Nbd7 18. Qd2 Ne6 19. h4 Nxf4 20. Nxf4 e5 21. Nfe2 Nf6 22.
Kg1 e4 23. Nf4 Bg4 24. Nce2 Qf5 25. Rec1 g5 26. hxg5 Qxg5 27. c4 h4 28. cxd5
cxd5 29. Nh3 Qf5 30. Nef4 Bf3 31. Rc7 Qg4 32. Kh2 Ra6 33. Rac1 Bxg2 34. Nxg2
hxg3+ 35. fxg3 Qf3 36. Rc8 Rxc8 37. Rxc8+ Bf8 38. Qe1 Rb6 39. Qxa5 Ng4+ 40. Kg1
Nxe3 41. Nhf4 Qf1+ 42. Kh2 Rh6+ 0-1

[Event "FIDE World Cup 2021"]
[Site "Krasnaya Polyana (Sochi) RUS"]
[Date "2021.07.27"]
[EventDate "2021.07.12"]
[Round "5.4"]
[Result "1/2-1/2"]
[White "Andrey Esipenko"]
[Black "Magnus Carlsen"]
[WhiteElo "2716"]
[BlackElo "2847"]
[PlyCount "170"]

1. e4 e5 2. Nf3 Nc6 3. Bc4 Bc5 4. c3 Nf6 5. d3 d6 6. h3 Bb6 7. Nbd2 Ne7 8. O-O
O-O 9. Re1 c6 10. Bb3 Ng6 11. Nf1 d5 12. Ng3 dxe4 13. dxe4 Qxd1 14. Rxd1 h6 15.
Re1 Rd8 16. Be3 Bxe3 17. Rxe3 a5 18. a4 Kf8 19. Ree1 b6 20. Rad1 Ba6 21. Bc2 Bc4
22. Nf5 Be6 23. g3 Ne8 24. h4 f6 25. Rxd8 Rxd8 26. Ne3 Ne7 27. b4 Nd6 28. bxa5
bxa5 29. Rb1 Nc4 30. Nxc4 Bxc4 31. Rb7 g5 32. hxg5 hxg5 33. Rb1 Nc8 34. Rd1
Rxd1+ 35. Bxd1 Bd3 36. Nd2 Nd6 37. f3 g4 38. Nb3 Nb7 39. Nd2 gxf3 40. Kf2 Nc5
41. Kxf3 Ke7 42. Ke3 Kd6 43. Bb3 Kc7 44. Bd1 Ba6 45. Bc2 Bc8 46. Bd1 Be6 47. Bc2
Kd6 48. Ke2 Ke7 49. Kf3 Kf7 50. g4 Kg6 51. Kg3 Nb7 52. Nf3 Bc4 53. g5 Be2 54.
Ng1 Bh5 55. gxf6 Kxf6 56. Nh3 Nc5 57. Nf2 Be2 58. Ng4+ Bxg4 59. Kxg4 Kg6 60. Kh4
Ne6 61. Kg4 Nf4 62. Bd1 Kf6 63. Kh4 Ng2+ 64. Kh5 Ne1 65. Be2 Ng2 66. Bd1 Nf4+
67. Kh6 Nd3 68. Kh5 Nc1 69. Kh6 Na2 70. c4 Nc3 71. Bc2 Ne2 72. Kh5 Ng3+ 73. Kh4
Nf1 74. Kh5 Nd2 75. Bd3 Nb3 76. Bc2 Nc5 77. Kh6 Nd7 78. Kh5 Nc5 79. Kh6 Ne6 80.
Kh5 Kg7 81. Bd1 Kf7 82. Bc2 Kf6 83. Bd1 Nf4+ 84. Kh6 Ne6 85. Kh5 Ng7+ 1/2-1/2